Los conventillos de Valparaíso, 1880-1920: fisonomía y percepción de una vivienda popular urbana

Uloženo v:
Podrobná bibliografie
Hlavní autor: Urbina Carrasco, María Ximena (autora)
Médium: Kniha
Jazyk:španělština
Vydáno: Valparaíso, Chile: Ediciones Universitarias de Valparaíso, 2011.
Vydání:Segunda edición.
Témata:
Tagy: Přidat tag
Žádné tagy, Buďte první, kdo vytvoří štítek k tomuto záznamu!

MARC

LEADER 00000cam a2200000 a 4500
001 UCG8411
003 CL-VaPUC
005 20240925164531.0
008 111212e20110000CL |||||||||||||||||spa|d
999 |c 346021  |d 346019 
020 |a 9561703297 
040 |c Pontificia Universidad Católica de Valparaíso 
082 0 4 |a 363 URB 2011  |2 21 
100 0 |a Urbina Carrasco, María Ximena  |e autora  |9 559432 
245 1 4 |a Los conventillos de Valparaíso, 1880-1920: fisonomía y percepción de una vivienda popular urbana 
250 |a Segunda edición. 
260 0 3 |a Valparaíso, Chile:  |b Ediciones Universitarias de Valparaíso,  |c 2011. 
300 |a 274 páginas 
583 |a last modification  |c 20131010 05:35:38  |k Rodrigo Vera 
650 0 |a Conventillos  |9 472417  |x Vivienda popular  |z Valparaíso 
650 0 |a Valparaíso histórico  |9 266586 
650 0 |a Antropología cultural y social   |9 265143  |x Conventillos  |z Valparaíso   |y Siglos 19-20 
942 |c BK  |2 ddc 
945 |d 20111212 00:00:00  |a cmena 
952 |0 0  |1 0  |2 ddc  |4 0  |6 363_000000000000000_URB_2011  |7 0  |8 A  |9 446454  |a BIBHIS  |b BIBHIS  |d 2019-11-22  |i 4812581  |o 363 URB 2011  |p 4812581  |r 2023-01-25  |t 4  |w 2019-11-22  |y BK  |k HIS 
952 |0 0  |1 0  |2 ddc  |4 0  |6 363_000000000000000_URB_2011  |7 0  |8 A  |9 446455  |a BIBHIS  |b BIBHIS  |d 2019-11-22  |i 481259K  |l 4  |m 2  |o 363 URB 2011  |p 481259K  |r 2025-01-20  |s 2024-03-15  |t 5  |w 2019-11-22  |y BK  |k HIS 
952 |0 0  |1 0  |2 ddc  |4 0  |6 363_000000000000000_URB_2011  |7 0  |8 A  |9 446456  |a BIBHIS  |b BIBHIS  |d 2019-11-22  |i 4812603  |l 6  |o 363 URB 2011  |p 4812603  |r 2025-01-20  |s 2024-04-17  |t 6  |w 2019-11-22  |y BK  |k HIS 
952 |0 0  |1 0  |2 ddc  |4 0  |6 363_000000000000000_URB_2011  |7 0  |8 A  |9 446457  |a BIBARQ  |b BIBARQ  |d 2019-11-22  |i 4812557  |l 1  |o 363 URB 2011  |p 4812557  |r 2025-01-20  |s 2023-06-06  |t 1  |w 2019-11-22  |y BK  |k ARQ 
952 |0 0  |1 0  |2 ddc  |4 0  |6 363_000000000000000_URB_2011  |7 0  |8 A  |9 446458  |a BIBARQ  |b BIBARQ  |d 2019-11-22  |i 4812565  |o 363 URB 2011  |p 4812565  |r 2025-01-20  |t 2  |w 2019-11-22  |y BK  |k ARQ 
952 |0 0  |1 0  |2 ddc  |4 0  |6 363_000000000000000_URB_2011  |7 0  |8 A  |9 446459  |a BIBARQ  |b BIBARQ  |d 2019-11-22  |i 4812573  |l 1  |o 363 URB 2011  |p 4812573  |r 2025-01-20  |s 2023-08-28  |t 3  |w 2019-11-22  |y BK  |k ARQ 
952 |0 0  |1 0  |2 ddc  |4 0  |6 363_000000000000000_URB_2011  |7 0  |8 X  |9 446460  |a FDOBUD  |b FDOBUD  |d 2019-11-22  |i 4834968  |o 363 URB 2011  |p 4834968  |r 2019-11-22  |t 7  |w 2019-11-22  |y BK_X  |k BUD 
952 |0 0  |1 0  |2 ddc  |3 erb  |4 0  |6 363_000000000000000_URB_2011  |7 0  |8 C  |9 446461  |a BIBCUR  |b BIBCUR  |d 2019-11-22  |i 5018846  |l 1  |o 363 URB 2011  |p 5018846  |r 2025-04-22  |s 2025-03-26  |t 9  |w 2019-11-22  |y BK  |z Catalogado en:20131011  |k CAC 
952 |0 0  |1 0  |2 ddc  |3 erb  |4 0  |6 363_000000000000000_URB_2011  |7 0  |8 A  |9 446462  |a BIBING  |b BIBING  |d 2019-11-22  |i 5018803  |l 1  |o 363 URB 2011  |p 5018803  |r 2025-01-20  |s 2023-06-20  |t 8  |w 2019-11-22  |y BK  |z Catalogado en:20131018  |k CUI 
952 |0 0  |1 0  |2 ddc  |3 erb  |4 0  |6 363_000000000000000_URB_2011  |7 0  |8 A  |9 446463  |a BIBARQ  |b BIBARQ  |i 5075165  |l 1  |o 363 URB 2011  |p 5075165  |r 2025-01-20  |s 2023-06-06  |t 10  |w 2019-11-22  |y BK  |z Catalogado en:20140710  |k ARQ 
952 |0 0  |1 0  |2 ddc  |3 erb  |4 0  |6 363_000000000000000_URB_2011  |7 0  |8 A  |9 446464  |a BIBHIS  |b BIBHIS  |i 5144477  |l 3  |o 363 URB 2011  |p 5144477  |r 2025-01-20  |s 2024-12-10  |t 11  |w 2019-11-22  |y BK  |z Catalogado en:20150402  |k HIS 
952 |0 0  |1 0  |2 ddc  |3 erb  |4 0  |6 363_000000000000000_URB_2011  |7 0  |8 A  |9 446465  |a BIBGIM  |b BIBGIM  |i 5434556  |o 363 URB 2011  |p 5434556  |r 2025-01-15  |t 12  |w 2019-11-22  |y BK  |z Catalogado en:20171111  |k SSL 
952 |0 0  |1 0  |2 ddc  |3 erb  |4 0  |6 363_000000000000000_URB_2011  |7 0  |8 A  |9 446466  |a BIBGIM  |b BIBGIM  |i 5434564  |o 363 URB 2011  |p 5434564  |r 2025-01-15  |t 13  |w 2019-11-22  |y BK  |z Catalogado en:20171111  |k SSL 
952 |0 0  |1 0  |2 ddc  |3 erb  |4 0  |6 363_000000000000000_URB_2011  |7 0  |8 A  |9 446467  |a BIBHIS  |b BIBHIS  |i 5507596  |l 6  |o 363 URB 2011  |p 5507596  |q 2025-05-12  |r 2025-04-11  |s 2025-04-11  |t 14  |w 2019-11-22  |y BK  |z Catalogado en:20181021  |k HIS 
952 |0 0  |1 0  |2 ddc  |4 0  |6 363_000000000000000_URB_2011  |7 0  |8 A  |9 596840  |a BIBGIM  |b BIBGIM  |d 2024-09-16  |i 5662768  |o 363 URB 2011  |p 5662768  |r 2025-01-15  |t 15  |w 2024-09-16  |y BK  |k ELE